Spotrebitelia ako súčasť inovačného procesu v uzavretej ekonomike

Inovácie ako prostriedok zvládnutia neustálych zmien. Dôležitá otázka ochrany životného prostredia. Tradičná ekonomika a kruhová ekonomika. Priority kruhovej ekonomiky. Inovačné procesy v podniku a konkurencieschopnosť podniku. Výsledky prieskumu v oblasti sledovania ekologického správania sa spotre...

Celý popis

Uložené v:
Podrobná bibliografia
Hlavný autor: Rybanský, Rudolf
Ďalší autori: Jánoš, Dominik
Médium: Kapitola
Jazyk:Slovak
Predmet:
Tagy: Pridať tag
Žiadne tagy, Buďte prvý, kto otaguje tento záznam!

MARC

LEADER 00000naa a2200000 4500
001 0246286
005 20180710093816.9
041 0 |a slo 
044 |a CZ 
245 1 0 |a Spotrebitelia ako súčasť inovačného procesu v uzavretej ekonomike  |c Rudolf Rybanský, Dominik Jánoš 
520 |a Inovácie ako prostriedok zvládnutia neustálych zmien. Dôležitá otázka ochrany životného prostredia. Tradičná ekonomika a kruhová ekonomika. Priority kruhovej ekonomiky. Inovačné procesy v podniku a konkurencieschopnosť podniku. Výsledky prieskumu v oblasti sledovania ekologického správania sa spotrebiteľov. Všobecné závery. 
610 2 0 |a rozvoj trvalo udržateľný 
610 2 0 |a ekológia 
610 2 0 |a zdroje prírodné 
610 2 0 |a ochrana prostredia životného 
610 2 0 |a inovácia 
610 2 0 |a marketing 
610 2 0 |a správanie spotrebiteľa 
610 2 0 |a prieskum 
100 1 |a Rybanský, Rudolf 
700 1 |a Jánoš, Dominik